| 000 | 00652nam a2200181 a 4500 | ||
|---|---|---|---|
| 001 | BRCA_505 | ||
| 005 | 20190320203034.0 | ||
| 008 | 110408s2006----sp-a---###---#000-0#spa-# | ||
| 050 | 4 |
_aNK4605.5.S6 _b.P53 2006 |
|
| 245 | 1 | 0 | _aPicasso i la ceràmica. |
| 260 |
_aBarcelona _bMuseu de Ceràmica de l´Institut de Cultura de Barcelona : Adjuntament de Barcelona _c2006 |
||
| 300 |
_a51 p. _bil. _c29 cm. |
||
| 500 | _aEn la cubierta: Cicle de conferències, maig 2006 | ||
| 504 | _aBibliografía: p. 51 | ||
| 600 | 1 | 4 |
_aPicasso, Pablo _d1881-1973 _xInfluencia en la cerámica _91733 |
| 650 | 1 | 4 |
_aCerámica _xDecoración _ySiglo XX _zEspaña _91734 |
| 942 |
_2lcc _cB |
||
| 999 |
_c438 _d438 |
||